|
|
|
|
| LEADER |
00000cam a2200000 4500 |
| 001 |
vtls011784681 |
| 003 |
SK-MaSNL |
| 005 |
20260426003410.0 |
| 008 |
200205t2018 ne a grn 001 0 eng |
| 015 |
|
|
|a SNBZSA2019/09
|
| 020 |
|
|
|a 9789004310155
|q (viazané)
|
| 020 |
|
|
|a 9789004363908
|q (e-book)
|
| 035 |
|
|
|a urn:nbn:sk:snk-am00d7vn
|
| 035 |
|
|
|a urn:nbn:sk:snk-am3hsnl
|
| 035 |
|
|
|a 2B7076A5-7142-4433-A3CB-CA61AB303442
|
| 040 |
|
|
|a SNK
|b slo
|c SNK
|e rda
|
| 041 |
0 |
|
|a eng
|
| 043 |
|
|
|a ee-----
|a e-hu---
|
| 044 |
|
|
|a ne
|c NL
|
| 072 |
|
7 |
|a 330.5+338
|x Národné hospodárstvo a hospodárska politika
|2 konspekt
|
| 072 |
|
7 |
|a 308
|x Sociografia
|2 konspekt
|
| 080 |
|
|
|a 338
|2 2011
|
| 080 |
|
|
|a 308
|2 2011
|
| 080 |
|
|
|a 94"04/14"
|2 2011
|
| 080 |
|
|
|a (4‑11)
|2 2011
|
| 080 |
|
|
|a (048.8:082)
|2 2011
|
| 080 |
|
|
|a (439.2)
|2 2011
|
| 245 |
1 |
4 |
|a The economy of medieval Hungary
|c edited by József Laszlovszky, Balázs Nagy, Péter Szabó, András Vadas
|
| 264 |
|
1 |
|a Leiden
|b Brill
|c [2018]
|
| 264 |
|
4 |
|c ©2018
|
| 300 |
|
|
|a xxv, 640 strán
|b ilustrácie, mapy, plány
|c 25 cm
|
| 336 |
|
|
|a text
|b txt
|2 rdacontent
|
| 337 |
|
|
|a bez média
|b n
|2 rdamedia
|
| 338 |
|
|
|a zväzok
|b nc
|2 rdacarrier
|
| 490 |
1 |
|
|a East Central and Eastern Europe in the Middle Ages, 450-1450
|v volume 49
|
| 500 |
|
|
|a Obsahuje biografické údaje o prispievateľoch na strane xvii-xxv
|
| 504 |
|
|
|a Obsahuje bibliografiu na strane 511-624 ; bibliografické odkazy ; registre na strane 625-640
|
| 650 |
0 |
7 |
|a hospodárske pomery
|2 SNKPH
|9 2287
|
| 650 |
0 |
7 |
|a sociálne pomery
|2 SNKPH
|9 3879
|
| 650 |
0 |
7 |
|a stredovek
|2 SNKPH
|9 4259
|
| 650 |
0 |
7 |
|a Economic conditions
|2 SNKPHeng
|9 265817
|
| 650 |
0 |
7 |
|a Social conditions
|2 SNKPHeng
|9 265818
|
| 650 |
0 |
7 |
|a Middle Ages
|2 SNKPHeng
|9 263011
|
| 651 |
|
7 |
|a Európa východná
|2 SNKPHgeo
|9 167635
|
| 651 |
|
7 |
|a Europe, Eastern
|2 SNKPH
|9 229905
|
| 651 |
|
7 |
|a Hungary
|2 SNKPHeng
|9 265263
|
| 651 |
|
7 |
|a Uhorsko
|2 SNKPHgeo
|9 28673
|
| 655 |
|
7 |
|a kolektívne monografie
|2 SNKPH
|9 249850
|
| 655 |
|
7 |
|a Collective monographs
|2 SNKPHeng
|9 125747
|
| 700 |
1 |
|
|a Laszlovszky, József
|4 edt
|9 614653
|
| 700 |
1 |
|
|a Nagy, Balázs
|4 edt
|9 496275
|
| 700 |
1 |
|
|a Szabó, Peter
|4 edt
|9 412326
|
| 700 |
1 |
|
|a Vadas, András
|4 edt
|9 505581
|
| 830 |
|
0 |
|a East Central and Eastern Europe in the Middle Ages, 450-1450
|9 358578
|
| 919 |
|
|
|a 978-90-04-31015-5
|
| 919 |
|
|
|a 978-90-04-36390-8
|
| 958 |
|
|
|a ZS
|
| 958 |
|
|
|a HU
|
| 958 |
|
|
|a NB
|
| 999 |
|
|
|c 944151
|d 946081
|
| 952 |
|
|
|a SNK
|b SNK
|y PREZ
|7 0
|p 17A1350480
|o snkSC 181861
|i snk2018/25940
|8 3
|g 227.70
|0 0
|1 0
|4 0
|d 2018-12-03
|f 1
|l 0
|r 2026-02-24 09:28:49
|w 2026-02-24
|